LDR 00667naa#a2200181#i#450# 001 EN\\bibl\121898 005 20260430073842.4 011 ## _a2072-9502 100 ## _a20260427b2026####ek#y0engy0150####ca 102 ## _aRU 200 1# _aModel for choosing a database architecture for storing and processing heterogeneous data using fuzzy logic and neural networks _eJournal article 210 1# _aAstrakhan _cAstrakhan State Technical University _d2026 215 ## _a10 с. 608 ## _aJournal article _2local 675 ## _aТеория принятия решений. 519.816 _z 700 #1 _aTurkin _gSergey Mihaylovich 700 #1 _aIvanov _gSergei Alexandrovich 856 4# _avestnik.astu.org _u